| 000 | 01188nam a2200265Ia 4500 | ||
|---|---|---|---|
| 003 | OSt | ||
| 005 | 20221005104751.0 | ||
| 006 | a|||||r|||| 00| 0 | ||
| 007 | ta | ||
| 008 | 221004b |||||||| |||| 00| 0 hin d | ||
| 020 | _c560 | ||
| 024 | _a8800 | ||
| 037 |
_b20480, 08/01/2014, Hindi Madhyam Karyanvyan Nideshalye _cTextual |
||
| 040 |
_aCRL _cCRL _bhin |
||
| 041 |
_2hin _ahin |
||
| 082 | _aT6:3, 152Q1 | ||
| 100 | _aकंसल, देवंेद्र कुमार | ||
| 245 | 0 | _aशारीरिक शिक्षा में प्रयोगिक मापन मूल्यांकन तथा खेल चयन | |
| 246 | _aShārīrik shikṣhā mean prayogik māpan mūlyāankan tathā khel chayana | ||
| 260 |
_aदिल्ली _bविश्वविद्यालय हिन्दी माध्यम कार्यान्वय निदेशालय भारत _c2011 |
||
| 300 |
_a413पृ0 _ccm. |
||
| 650 | _aशिक्षण | ||
| 942 |
_hT6:3, 152Q1 _cTEXL _2cc |
||
| 999 |
_c1013718 _d1013718 |
||